Motor speech disorders / (Record no. 121901)

MARC details
000 -LEADER
fixed length control field 00958pam a2200277 i 4500
003 - CONTROL NUMBER IDENTIFIER
control field OSt
005 - DATE AND TIME OF LATEST TRANSACTION
control field 20250523113708.0
008 - FIXED-LENGTH DATA ELEMENTS--GENERAL INFORMATION
fixed length control field
020 ## - INTERNATIONAL STANDARD BOOK NUMBER
International Standard Book Number 9780323072007 (hardcover)
040 ## - CATALOGING SOURCE
Original cataloging agency NUST
Transcribing agency NUST
Language of cataloging eng
Modifying agency NUST
Description conventions rda
050 ## - LIBRARY OF CONGRESS CALL NUMBER
Classification number RC423 DUF
100 1# - MAIN ENTRY--PERSONAL NAME
Personal name Duffy, Joseph R
Relator term Author
245 10 - TITLE STATEMENT
Title Motor speech disorders /
Statement of responsibility, etc. Duffy Joseph R.
250 ## - EDITION STATEMENT
Edition statement Third Edition.
260 ## - PUBLICATION, DISTRIBUTION, ETC.
Place of publication, distribution, etc. Philadelphia :
Name of publisher, distributor, etc. Saunders,
Date of publication, distribution, etc. 1975.
300 ## - PHYSICAL DESCRIPTION
Extent viii, 304 pages :
Other physical details Illustrations ;
Dimensions 25 cm.
336 ## - CONTENT TYPE
Content type term text
Content type code txt
Source rdacontent
337 ## - MEDIA TYPE
Media type term unmediated
Media type code n
Source rdamedia
338 ## - CARRIER TYPE
Carrier type term volume
Carrier type code nc
Source rdacarrier
504 ## - BIBLIOGRAPHY, ETC. NOTE
Bibliography, etc. note Includes bibliographical references and index.
650 #0 - SUBJECT ADDED ENTRY--TOPICAL TERM
Form subdivision Speech disorders.
650 #0 - SUBJECT ADDED ENTRY--TOPICAL TERM
Form subdivision Nervous system --Diseases.
650 #0 - SUBJECT ADDED ENTRY--TOPICAL TERM
Form subdivision Speech disorders in infancy and childhood.
650 #0 - SUBJECT ADDED ENTRY--TOPICAL TERM
Form subdivision Motor Neurons --physiopathology.
942 ## - ADDED ENTRY ELEMENTS (KOHA)
Koha item type Ordinary Loan Books
Call number prefix RC423
Call number suffix DUF
Source of classification or shelving scheme Library of Congress Classification
Edition Third Edition.
Classification part RC423 DUF
Suppress in OPAC No
Holdings
Withdrawn status Lost status Source of classification or shelving scheme Damaged status Not for loan Collection Home library Current library Shelving location Date acquired Source of acquisition Cost, normal purchase price Total Checkouts Full call number Barcode Date last seen Cost, replacement price Price effective from Koha item type Public note Accession number
    LCC     NFIC MEDICAL MEDICAL GEN 01/20/2023 Book Aid International 87.00   RC423 DUF 92004051322 01/20/2023 80.00 01/20/2023 BOOKS Donation  
    LCC     NFIC MEDICAL MEDICAL GEN 05/23/2025 Book Aid International 87.00   RC423 DUF 92004051846 05/23/2025 87.00 05/23/2025 BOOKS Donation 59870